| 000 | 01013 am a2200289 a 4500 | ||
|---|---|---|---|
| 005 | 20240521092139.0 | ||
| 008 | 100917s1992||||ag d f |||| 001 0 spa d | ||
| 020 | _a950710010027X | ||
| 041 | _aspa | ||
| 092 |
_c370.73 _l28 _sGAL |
||
| 100 | 1 |
_aGalli, Amanda _eCoord. _9661 |
|
| 245 |
_aPrograma de Formación Docente Pedagógica. Curso de Aprendizaje y Evaluación. _bVol.6 Evaluación del desempeño I. Exámenes orales y escritos / _cAmanda Galli. |
||
| 250 | _a1a ed. | ||
| 260 |
_aBuenos Aires: _bOPS/OMS; _c1991. |
||
| 300 | _a87 p. | ||
| 500 | _aGalli, A. y Castro, C. (1991). Programa de Formación Docente Pedagógica. Curso de Aprendizaje y Evaluación. Vol.6 Evaluación del desempeño I. Exámenes orales y escritos. (1a ed.). Buenos Aires : OPS/OMS. | ||
| 653 | _aFormación docente | ||
| 653 | _aAprendizaje | ||
| 653 | _aEvaluación | ||
| 700 | 1 |
_aCastro, Claudia. _9657 |
|
| 930 | _a348 | ||
| 930 | _a2163 | ||
| 930 | _a2164 | ||
| 930 | _a2165 | ||
| 930 | _a2166 | ||
| 942 |
_2ddc _cBK |
||
| 999 |
_c744 _d744 |
||